| 000 | 00878nam a2200253 u 4500 | ||
|---|---|---|---|
| 001 | 000451728 | ||
| 003 | AM-YEHGA | ||
| 005 | 20250617164803.0 | ||
| 008 | 050908s2005 ai a||||||||||||||0|arm|d | ||
| 020 | _a9994193473 | ||
| 040 | _aAM-YeHGA | ||
| 041 | 0 | _aarm | |
| 100 | 1 |
_aՎարդանյան, Ժիրայր Հմայակի, _d1952- |
|
| 245 | 1 | 0 |
_aԾառագիտություն : _bԴասագիրք / _cԺ.Հ. Վարդանյան ; Հայկ․ գյուղատնտ. ակադեմիա. |
| 260 |
_aԵրևան : _bՀԳԱ, _c2005. |
||
| 300 |
_a372 էջ : _bնկ. ; _c21 սմ. |
||
| 504 | _aՄատենագիտ.՝ էջ 359-363։ | ||
| 525 | _aՀավելված՝ էջ 327-358 | ||
| 650 | 1 | 4 | _aԲուսաբանություն |
| 650 | 1 | 4 | _aԾառաբույսեր |
| 710 | 2 | _aՀայկական գյուղատնտեսական ակադեմիա | |
| 942 |
_2udc _cBK |
||
| 090 | _c567923 | ||
| 999 |
_c529488 _d529488 |
||